Ri melhor quem ri... no fim! (Record no. 48760)

MARC details
000 -LÍDER
campo de controle de tamanho fixo 00377 a2200157 4500
001 - NÚMERO DE CONTROLE
campo de controle 48760
020 ## - ISBN - INTERNATIONAL STANDARD BOOK NUMBER
ISBN - International Standard Book Number 8510034613
040 ## - FONTE DA CATALOGAÇÃO
Instituição que transcreveu o registro Anchieta - Bela Vista
100 ## - ENTRADA PRINCIPAL--NOME PESSOAL
Nome pessoal Andrade, Telma Guimarães Castro
240 10 - TÍTULO UNIFORME
Título uniforme Ri melhor quem ri... no fim!
Idioma da obra por
245 10 - TÍTULO
Título Ri melhor quem ri... no fim!
300 ## - DESCRIÇÃO FÍSICA
Extensão 21
362 0# - DATAS DE PUBLICAÇÃO E/OU DESIGNAÇÃO SEQUENCIAL
Datas de publicação e/ou designação sequencial 2005
650 #4 - ASSUNTO--TERMO TÓPICO
Cabeçalho tópico ou nome geográfico Literatura infantil
942 ## - ELEMENTOS DE ENTRADA ADICIONADOS (KOHA)
Tipo de material Koha Livros
Holdings
Situação do descarte Situação das perdas Situação física Não pode ser emprestado Biblioteca de origem Biblioteca atual Data de aquisição Total de empréstimos Número de chamada completo Código de barras Data de último acesso Data do preço efetivo Tipo de material Koha
        Colégio Anchieta - Bela Vista Colégio Anchieta - Bela Vista 21/11/2023   LI 028.5 A553r AND RIM 950/BEL 21/11/2023 21/11/2023 Livros
        Colégio Anchieta - Bela Vista Colégio Anchieta - Bela Vista 21/11/2023   LI 028.5 A553r AND RIM 951/BEL 21/11/2023 21/11/2023 Livros
        Colégio Anchieta - Bela Vista Colégio Anchieta - Bela Vista 21/11/2023   LI 028.5 A553r AND RIM 952/BEL 21/11/2023 21/11/2023 Livros